Modern investments and security analysis / (Record no. 345415)
[ view plain ]
| 000 -LEADER | |
|---|---|
| fixed length control field | 00699 a2200205 4500 |
| 020 ## - INTERNATIONAL STANDARD BOOK NUMBER | |
| International Standard Book Number | 007100422X |
| 020 ## - INTERNATIONAL STANDARD BOOK NUMBER | |
| International Standard Book Number | 9780071004220 |
| 090 ## - LOCALLY ASSIGNED LC-TYPE CALL NUMBER (OCLC); LOCAL CALL NUMBER (RLIN) | |
| -- | 2925 |
| -- | 2925 |
| 100 1# - MAIN ENTRY--PERSONAL NAME | |
| Personal name | Fuller, Russell J. |
| 245 10 - TITLE STATEMENT | |
| Title | Modern investments and security analysis / |
| Statement of responsibility, etc. | Russell J. Fuller. |
| 250 ## - EDITION STATEMENT | |
| Edition statement | International Ed ed. |
| 260 ## - PUBLICATION, DISTRIBUTION, ETC. | |
| Place of publication, distribution, etc. | [S.l.] : |
| Name of publisher, distributor, etc. | McGraw-Hill Education (ISE Editions), |
| Date of publication, distribution, etc. | 1987. |
| 300 ## - PHYSICAL DESCRIPTION | |
| Extent | 560 p. |
| 500 ## - GENERAL NOTE | |
| General note | Import. |
| 500 ## - GENERAL NOTE | |
| General note | Paperback. |
| 700 1# - ADDED ENTRY--PERSONAL NAME | |
| Personal name | Farrell, James L. |
| 856 40 - ELECTRONIC LOCATION AND ACCESS | |
| Materials specified | Amazon.com |
| Uniform Resource Identifier | <a href="http://www.amazon.com/exec/obidos/ASIN/007100422X/chopaconline-20">http://www.amazon.com/exec/obidos/ASIN/007100422X/chopaconline-20</a> |
| 856 40 - ELECTRONIC LOCATION AND ACCESS | |
| Materials specified | Amazon customer reviews |
| Uniform Resource Identifier | <a href="http://www.chopac.org/cgi-bin/tools/azrev.pl?q=007100422X">http://www.chopac.org/cgi-bin/tools/azrev.pl?q=007100422X</a> |
| 942 ## - ADDED ENTRY ELEMENTS (KOHA) | |
| Institution code [OBSOLETE] | NBS |
| Koha item type | Book |
| Call number prefix | 332.6 FUL |
| Withdrawn status | Lost status | Damaged status | Not for loan | Permanent Location | Current Location | Date acquired | Total Checkouts | Full call number | Barcode | Date last seen | Date last checked out | Price effective from | Koha item type |
|---|---|---|---|---|---|---|---|---|---|---|---|---|---|
| Central Library (CL) | Central Library (CL) | 08/28/2013 | 1 | 332.6 FUL | NBS3683 | 11/22/2017 | 08/03/2017 | 08/28/2013 | Book | ||||
| Central Library (CL) | Central Library (CL) | 08/28/2013 | 2 | 332.6 FUL | NBS3792 | 06/01/2020 | 03/13/2020 | 08/28/2013 | Book |
